Statistics for Animal Tile Select by Picture:

Click here to take the quiz!

General Stats

  • This quiz has been taken 235 times
  • The average score is 47 of 64

Answer Stats

QuestionTileSelect% Correct
species that can be found in Asia.Yes
99%
species that are mammals.No
98%
species that are mammals.No
98%
species that are mammals.No
98%
species that are mammals.No
97%
species that can be found in Asia.Yes
96%
species that can be found in Asia.No
96%
species that are mammals.No
96%
species that are mammals.No
95%
species that are mammals.No
95%
species that are found on country flags.No
94%
species that are endemic to a specific continent.No
92%
species that are mammals.Yes
92%
species that are found on country flags.No
92%
species that are found on country flags.No
90%
species that are mammals.Yes
90%
species that can be found in Asia.No
89%
species that are mammals.Yes
89%
species that can be found in Asia.No
88%
species that are found on country flags.No
87%
species that are found on country flags.No
87%
species that are mammals.Yes
86%
species that are found on country flags.No
85%
species that can be found in Asia.No
84%
species that can be found in Asia.Yes
84%
species that can be found in Asia.No
83%
species that can be found in Asia.No
82%
species that can be found in Asia.Yes
82%
species that are mammals.Yes
82%
species that are mammals.No
80%
species that can be found in Asia.No
77%
species that are endemic to a specific continent.No
77%
species that are mammals.Yes
75%
species that are endemic to a specific continent.Yes
73%
species that are found on country flags.No
73%
species that are mammals.Yes
73%
species that can be found in Asia.No
73%
species that are found on country flags.No
72%
species that are mammals.Yes
69%
species that are found on country flags.No
69%
species that are found on country flags.Yes
69%
species that are endemic to a specific continent.Yes
69%
species that are endemic to a specific continent.No
68%
species that are endemic to a specific continent.No
68%
species that can be found in Asia.No
66%
species that are endemic to a specific continent.Yes
65%
species that are endemic to a specific continent.No
62%
species that are found on country flags.Yes
62%
species that are endemic to a specific continent.Yes
60%
species that can be found in Asia.No
60%
species that are endemic to a specific continent.No
59%
species that are endemic to a specific continent.Yes
54%
species that are endemic to a specific continent.Yes
52%
species that are endemic to a specific continent.No
51%
species that are endemic to a specific continent.No
48%
species that are found on country flags.Yes
45%
species that can be found in Asia.Yes
45%
species that are found on country flags.Yes
43%
species that are found on country flags.Yes
40%
species that are found on country flags.No
40%
species that can be found in Asia.Yes
39%
species that are endemic to a specific continent.Yes
35%
species that are endemic to a specific continent.Yes
35%
species that are found on country flags.Yes
18%

Score Distribution

Percentile by Number Answered

Percent of People with Each Score

Your Score History

You have not taken this quiz